| 000 | 00921cab a22002055a 4500 | ||
|---|---|---|---|
| 001 | L151601 | ||
| 008 | 101122e20101119xxkd f s 000 0 eng d | ||
| 035 | _a(Sirsi) u151601 | ||
| 041 | 0 | _aeng | |
| 110 | 2 |
_aExperian Business Strategies _94789 |
|
| 245 | 0 | 4 |
_aThe tracker _bpause for breath |
| 260 | _c2010 | ||
| 490 |
_aBuilding _v275 (8655) 19 November 2010, 58-59(2) |
||
| 520 | _aSeptember saw a brief halt in the downward trend of construction activity, but continued small declines are expected between now and Christmas; the state of play; leading construction activity indicator for residential, non-residential and civil engineering; work in hand for residential, non-residential and civil engineering; a regional perspective across the UK. | ||
| 590 | _aKA | ||
| 650 | 2 | 4 | _aEXPERIAN CONSTRUCTION INDUSTRY FOCUS |
| 651 | 4 |
_aUnited Kingdom _y |
|
| 690 | _aBUILT ENVIRONMENT-CONSTRUCTION MARKET | ||
| 942 | _n0 | ||
| 999 |
_c82827 _d82827 |
||